000 00288nam a22001097a 4500
008 240529b |||||||| |||| 00| 0 eng d
100 _aBahal, J,C,
_914773
245 _aElements of Commerce and Business Methods
260 _aBombay:
_bNew Book pub;
_c1967.
300 _a344p.
942 _cBK
999 _c38243
_d38243